| 000 | 01309cam a2200373 i 4500 | ||
|---|---|---|---|
| 001 | 42021 | ||
| 003 | Mx-PuUPA | ||
| 005 | 20250827093714.0 | ||
| 008 | 140415s2005 mx gr 000 0 spa d | ||
| 020 | _a9707223758 | ||
| 040 |
_cMx-PuUPA _aMx-PuUPA _bspa _dMx-PuUPA _erda |
||
| 041 | 0 | _aspa | |
| 043 | _acl----- | ||
| 100 | 1 |
_aSotelo Valencia, Adrián, _917393 _eautor |
|
| 245 | 1 | 0 |
_aAmérica Latina: de crisis y paradigmas : _bla teoría de la dependencia en el siglo XXI / _cAdrián Sotelo Valencia |
| 250 | _aPrimera edición | ||
| 264 | 1 |
_aBarcelona, España : _bPlaza y Valdés, _c2005 |
|
| 300 |
_a254 páginas ; _c21 cm |
||
| 336 |
_2rdacontent _atexto _btxt |
||
| 337 |
_2rdamedia _asin medio _bn |
||
| 338 |
_2rdacarrier _avolumen _bnc |
||
| 490 | 0 | _aSociología | |
| 650 | 7 |
_2armarc _aGlobalización _zAmérica Latina |
|
| 650 | 7 |
_2armarc _aNeoliberalismo _zAmérica Latina |
|
| 650 | 7 |
_2armarc _aDesarrollo económico _zAmérica Latina |
|
| 650 | 7 |
_2armarc _aDependencia _zAmérica Latina |
|
| 651 | 4 |
_aAmérica Latina _xPolítica económica |
|
| 651 | 4 |
_aAmérica Latina _xPolítica social |
|
| 942 |
_2ddc _cLI _h338.98 _iS77 |
||
| 999 |
_c42021 _d42021 |
||